Państwa według podpowiedzi - litera K - Statystyki

Ogólne statystyki
  • Ten quiz został rozwiązany 26 razy
    10 od ostatniego zresetowania
  • Średni wynik to 11 z 17
Statystyki odpowiedzi
Podpowiedź Państwo % Poprawnych
Montreal znajdujący się w tym państwie to drugie największe francuskojęzyczne miasto po Paryżu Kanada
100%
Jego linie lotnicze są najbezpieczniejsze na świecie Katar
75%
Leży nad Jeziorem Wiktorii Kenia
75%
Jedyne państwo na świecie, gdzie można znaleźć szmaragdy o niebieskawym odcieniu Kolumbia
75%
Jego językami urzędowymi są albański oraz serbski Kosowo
75%
Granica tego państwa z Rosją jest drugą najdłuższą granicą na świecie Kazachstan
63%
W 2023 roku zmieniło swoją flagę Kirgistan
63%
Trzy główne grupy wysp to Wyspy Gilberta, Wyspy Feniksa i Wyspy Linii Kiribati
63%
Odległość między stolicą tego państwa a stolicą DRK wynosi 11 km Kongo
63%
W latach 1950-1953 prowadziło wojnę ze swoim jedynym sąsiadem Korea Południowa
63%
Państwo komunistyczne nie leżące w Azji Kuba
63%
To małe państwo na Bliskim wschodzie nie ma rzek ani jezior Kuwejt
63%
W 1979 roku wydarzyło się tam ludobójstwo o nazwie pola śmierci Kambodża
50%
W grudniu tego roku otwiera się dla turystów Korea Północna
50%
Najwyżej położonym miastem w tym państwie jest Ndu Kamerun
38%
Jedyny członek Ligi Arabskiej leżący na Półkuli Południowej Komory
38%
W 1949 roku, tuż po zakończeniu wojny domowej to państwo jako pierwsze na świecie formalnie zlikwidowało swoją armię Kostaryka
38%
Nie znaleziono quizów pasujących do podanych kryteriów
Rozkład punktacji
Procent ludzi z każdym wynikiem
Percentyl według liczby udzielonych odpowiedzi
Twoja historia wyników
Nie rozwiązałeś tego quizu od ostatniego zresetowania